000 01418cam a2200373 a 4500
001 15495269
003 OSt
005 20230902142056.0
008 081023s2009 enka 001 0 eng
010 _a 2008046234
020 _a9780415451444 (hbk)
020 _a9780367238520
020 _a0415451442 (hbk)
020 _a9780203878538 (ebk)
020 _a0203878531 (ebk)
035 _a(OCoLC)ocn166383851
040 _aDLC
_cDLC
_dBTCTA
_dBAKER
_dYDXCP
_dBWKUK
_dBWK
_dCDX
_dDLC
050 0 0 _aHB139
_b.F75 2009
082 0 0 _a330.015195
_bBJE/P
100 1 _aFrisch, Ragnar,
_d1895-1973
_99403
245 1 0 _aProblems and methods of econometrics :
_bthe Poincaré lectures of Ragnar Frisch, 1933 /
_cedited and with an introduction by Olav Bjerkholt and Ariane Dupont-Kieffer.
260 _aLondon ;
_aNew York :
_bRoutledge,
_c2009.
300 _axlviii, 149 p. :
_bill. ;
_c24 cm.
440 0 _aRoutledge studies in the history of economics
500 _aIncludes index.
650 0 _aEconometrics.
650 0 _aEconomics.
700 1 _aBjerkholt, Olav,
_d1942-
700 1 _aDupont-Kieffer, Ariane.
710 2 _aInstitut Henri Poincaré.
906 _a7
_bcbc
_corignew
_d1
_eecip
_f20
_gy-gencatlg
942 _2ddc
_cBK
_h330.015195
_iBJE/P
_k330.015195
_mBJE/P
999 _c42073
_d42073